Proporcionalita ochrany spotrebiteľa
Historický exkurz do ochrany spotrebiteľa. Ochrana spotrebiteľa verzus základné princípy. Dva právne princípy uplatňované v slovenskom právnom poriadku: práva patria len bdelým a neznalosť zákona neospravedlňuje. Pasivita spotrebiteľa a poskytovaná ochrana. Platnosť zákona o ochrane spotrebiteľa.
Salvato in:
| Autore principale: | |
|---|---|
| Natura: | Capitolo di libro |
| Lingua: | slovacco |
| Soggetti: | |
| Tags: |
Nessun Tag, puoi essere il primo ad aggiungerne!!
|
MARC
| LEADER | 00000naa a2200000 4500 | ||
|---|---|---|---|
| 001 | 0247520 | ||
| 005 | 20180906141134.4 | ||
| 041 | 0 | |a slo | |
| 044 | |a SK | ||
| 245 | 1 | 0 | |a Proporcionalita ochrany spotrebiteľa |c Ľuboš Tóth |
| 520 | |a Historický exkurz do ochrany spotrebiteľa. Ochrana spotrebiteľa verzus základné princípy. Dva právne princípy uplatňované v slovenskom právnom poriadku: práva patria len bdelým a neznalosť zákona neospravedlňuje. Pasivita spotrebiteľa a poskytovaná ochrana. Platnosť zákona o ochrane spotrebiteľa. | ||
| 610 | 2 | 0 | |a spotrebitelia |
| 610 | 2 | 0 | |a ochrana spotrebiteľa |
| 610 | 2 | 0 | |a legislatíva |
| 610 | 2 | 0 | |a zákony |
| 610 | 2 | 0 | |a súdy |
| 610 | 2 | 0 | |a zmluvy |
| 100 | 1 | |a Tóth, Ľuboš | |